Online
Catalog

La matemática en mi vida = Ciencias naturales : (Record no. 54635)

MARC details
000 -CABECERA
campo de control de longitud fija 02191nam a2200361 i 4500
003 - IDENTIFICADOR DEL NÚMERO DE CONTROL
campo de control DO-SdBNP
005 - FECHA Y HORA DE LA ÚLTIMA TRANSACCIÓN
campo de control 20230906111917.0
007 - CAMPO FIJO DE DESCRIPCIÓN FÍSICA--INFORMACIÓN GENERAL
campo de control de longitud fija ta
008 - DATOS DE LONGITUD FIJA--INFORMACIÓN GENERAL
campo de control de longitud fija 230626b199- dr a|||c |||| 00| 0 spa d
040 ## - FUENTE DE LA CATALOGACIÓN
Centro catalogador/agencia de origen DO-SdBNP
Lengua de catalogación spa
Centro/agencia transcriptor BNPHU
Normas de descripción rda
082 #4 - NÚMERO DE LA CLASIFICACIÓN DECIMAL DEWEY
Número de edición 22
Número de documento/Ítem G643m
Número de clasificación xxxx
100 1# - ENTRADA PRINCIPAL--NOMBRE DE PERSONA
9 (RLIN) 29274
Nombre de persona González, Sarah
245 10 - MENCIÓN DE TÍTULO
Título La matemática en mi vida = Ciencias naturales :
Resto del título 7mo. grado /
Mención de responsabilidad, etc. Sarah González, Dulce Rodríguez, Eduardo Luna, Raúl Alvarado, Violeta Morales y otros
246 1# - FORMA VARIANTE DE TÍTULO
Título propio/Titulo breve Matemática y ciencia :
Resto del título libro de texto, 7mo. grado /
264 #1 - PRODUCCIÓN, PUBLICACIÓN, DISTRIBUCIÓN, FABRICACIÓN Y COPYRIGHT
Producción, publicación, distribución, fabricación y copyright Santo Domingo :
Nombre del de productor, editor, distribuidor, fabricante Secretaria de Estado de Educación Bellas Artes y Cultos,
Fecha de producción, publicación, distribución, fabricación o copyright [199-]
300 ## - DESCRIPCIÓN FÍSICA
Extensión v, 73 páginas :
Otras características físicas ilustraciones
Dimensiones 27 cm
336 ## - TIPO DE CONTENIDO
Fuente rdaconten
Término de tipo de contenido texto
Código de tipo de contenido txt
337 ## - TIPO DE MEDIO
Fuente rdamedia
Nombre/término del tipo de medio sin medición
Código del tipo de medio n
338 ## - TIPO DE SOPORTE
Fuente rdacarrier
Nombre/término del tipo de soporte volumen
Código del tipo de soporte nc
500 ## - NOTA GENERAL
Nota general Mejores ciudadanos para el nuevo milenio.
505 2# - NOTA DE CONTENIDO CON FORMATO
Información miscelánea Introducción como utilizar la matemática en mi vida
Título Números naturales --
-- Fracciones comunes --
-- Decimales --
-- Razones, proporciones y por cientos --
-- Geometría --
-- Mediciones /
505 0# - NOTA DE CONTENIDO CON FORMATO
Información miscelánea Ciencias naturales
Título Propiedades físicas de la materia --
-- Propiedades químicas de la materia --
-- Características de los estados de la materia --
-- Elementos que componen la materia --
-- Compuestos químicos --
-- Mezcla y combinación --
-- Combinación --
-- Fenómenos físicos y químicos --
-- Naturaleza y comportamiento de la luz --
-- Lentes e instrumentos ópticos --
-- Corriente eléctrica --
-- Costo de la electricidad --
-- Magnetismo y fuentes de energía eléctrica --
-- Teoría celular - estructura y función celular --
-- Reproducción celular - mitosis y meiosis --
-- Niveles de organización de la materia viviente --
-- Los microorganismos --
-- Las bacterias --
-- Microorganismos útiles y perjudiciales /
590 ## - NOTA LOCAL (RLIN)
Nota local Inventariado 2023 / YL
700 1# - PUNTO DE ACCESO ADICIONAL--NOMBRE DE PERSONA
9 (RLIN) 29275
Nombre de persona Rodríguez Dulce
Término indicativo de función/relación autora
700 1# - PUNTO DE ACCESO ADICIONAL--NOMBRE DE PERSONA
Nombre de persona Luna, Eduardo
Término indicativo de función/relación autor
9 (RLIN) 25917
700 1# - PUNTO DE ACCESO ADICIONAL--NOMBRE DE PERSONA
9 (RLIN) 67251
Nombre de persona Alvarado, Raul
Término indicativo de función/relación autor
700 1# - PUNTO DE ACCESO ADICIONAL--NOMBRE DE PERSONA
Nombre de persona Morales, Violeta
Término indicativo de función/relación autora
9 (RLIN) 36938
700 1# - PUNTO DE ACCESO ADICIONAL--NOMBRE DE PERSONA
Nombre de persona Mera, Luis
Término indicativo de función/relación autor
9 (RLIN) 84063
700 1# - PUNTO DE ACCESO ADICIONAL--NOMBRE DE PERSONA
Nombre de persona Valdez, Manuel
Término indicativo de función/relación autor
9 (RLIN) 46323
700 1# - PUNTO DE ACCESO ADICIONAL--NOMBRE DE PERSONA
Nombre de persona Duval, Carmen
Término indicativo de función/relación autora
9 (RLIN) 84064
910 ## - DATOS DE OPCIÓN DEL USUARIO (OCLC)
Datos de opción del usuario YLockward
942 ## - ELEMENTOS DE PUNTO DE ACCESO ADICIONAL (KOHA)
Fuente del sistema de clasificación o colocación Dewey Decimal Classification
Tipo de ítem Koha Libro
Holdings
Estado de retiro Estado de pérdida Fuente del sistema de clasificación o colocación Restricciones de uso No para préstamo Código de colección Localización permanente Ubicación/localización actual Ubicación en estantería Fecha de adquisición Fuente de adquisición Total de préstamos Signatura topográfica completa Código de barras Fecha visto por última vez Precio válido a partir de Tipo de ítem Koha Nota pública
    Dewey Decimal Classification Excluido de préstamo   Patrimonio Dominicano Biblioteca Nacional Pedro Henríquez Ureña Biblioteca Nacional Pedro Henríquez Ureña En catalogación 01.12.2014 Barbara Suncar   G643m xxxx 2023-5675 06.09.2023 06.09.2023 Libro Perteneció a la biblioteca personal de Bárbara Suncar

Powered by Koha